<?xml version="1.0" encoding="UTF-8"?>
<record
    xmlns:xsi="http://www.w3.org/2001/XMLSchema-instance"
    xsi:schemaLocation="http://www.loc.gov/MARC21/slim http://www.loc.gov/standards/marcxml/schema/MARC21slim.xsd"
    xmlns="http://www.loc.gov/MARC21/slim">

  <leader>02817nam a2200289 a 4500</leader>
  <controlfield tag="003">OSt</controlfield>
  <controlfield tag="005">20251110134648.0</controlfield>
  <controlfield tag="007">cr ||||||a|c|a</controlfield>
  <controlfield tag="008">230519s2019    mx ||||fom||| 001 0 s   d</controlfield>
  <datafield tag="040" ind1=" " ind2=" ">
    <subfield code="e">rda</subfield>
  </datafield>
  <datafield tag="100" ind1="1" ind2=" ">
    <subfield code="9">187103</subfield>
    <subfield code="a">Torres Ruiz, Siria Bel&#xE9;n</subfield>
  </datafield>
  <datafield tag="245" ind1="1" ind2="3">
    <subfield code="a">La propiedad rural en Venustiano Carranza, Chiapas : </subfield>
    <subfield code="b">controversias agrarias, de inter&#xE9;s y demandas sociales agrarias 1934-2016 /</subfield>
    <subfield code="c">Por Siria Bel&#xE9;n Torres Ruiz; director de tesis Miguel &#xC1;ngel S&#xE1;mano Renter&#xED;a.</subfield>
  </datafield>
  <datafield tag="264" ind1=" " ind2=" ">
    <subfield code="a">Chapingo, M&#xE9;xico :</subfield>
    <subfield code="b">El autor,</subfield>
    <subfield code="c">2019.</subfield>
  </datafield>
  <datafield tag="300" ind1=" " ind2=" ">
    <subfield code="a">1 recurso en l&#xED;nea (174 p&#xE1;ginas):</subfield>
    <subfield code="b">Figuras y tablas</subfield>
  </datafield>
  <datafield tag="336" ind1=" " ind2=" ">
    <subfield code="2">rdacontent</subfield>
    <subfield code="a">texto</subfield>
    <subfield code="b">txt</subfield>
  </datafield>
  <datafield tag="337" ind1=" " ind2=" ">
    <subfield code="2">rdamedia</subfield>
    <subfield code="a">computadora</subfield>
    <subfield code="b">c</subfield>
  </datafield>
  <datafield tag="338" ind1=" " ind2=" ">
    <subfield code="2">rdacarrier</subfield>
    <subfield code="a">recurso en l&#xED;nea</subfield>
    <subfield code="b">cr</subfield>
  </datafield>
  <datafield tag="502" ind1=" " ind2=" ">
    <subfield code="b">MCSR</subfield>
    <subfield code="c">Sociolog&#xED;a</subfield>
    <subfield code="d">2019</subfield>
    <subfield code="g">MAE</subfield>
  </datafield>
  <datafield tag="504" ind1=" " ind2=" ">
    <subfield code="a">Incluye referencias bibliogr&#xE1;ficas: p&#xE1;ginas -129-140</subfield>
  </datafield>
  <datafield tag="520" ind1=" " ind2=" ">
    <subfield code="a">La violencia agraria fue resultado de las demandas agrarias desatendidas, ejecuciones err&#xF3;neas y programas p&#xFA;blicos insuficientes, principalmente en municipios con largos historiales de lucha campesina, como Venustiano Carranza, donde la situaci&#xF3;n de conflicto persiste. Este trabajo estudia las controversias agrarias y de inter&#xE9;s surgidas en Venustiano Carranza con el objetivo de establecer una tipolog&#xED;a de los conflictos y contribuir con un diagn&#xF3;stico de la conflictividad en el municipio hasta 2016. Las demandas sociales agrarias se examinan a la luz del t&#xE9;rmino del reparto agrario y la culminaci&#xF3;n de los programas que se dise&#xF1;aron como estrategias de atenci&#xF3;n en el sector agrario, pues la demanda continua de tierras se mantuvo despu&#xE9;s de 1992. Se analiza el tipo de tierra involucrada y los sectores campesinos que participaron en los movimientos agrarios. La estrategia metodol&#xF3;gica recay&#xF3; en la observaci&#xF3;n, el escrutinio de documentos y el an&#xE1;lisis de los conflictos que permiti&#xF3; esbozar el mapa de conflictividad y determinar los focos rojos y amarillos prevalecientes en Venustiano Carranza. Este estudio concluye que los problemas de corte agrario se producen entre a) dos grupos de campesinos y b) entre propietarios y campesinos, siendo los campesinos pobres y los jornaleros los que se movilizan. Se concluye adem&#xE1;s que las pol&#xED;ticas p&#xFA;blicas no han resuelto el problema en el agro, aunque s&#xED; han proporcionado calma aparente en las zonas de conflicto, no obstante, cualquier roce puede ser desencadenante de situaciones de alta violencia.</subfield>
  </datafield>
  <datafield tag="650" ind1=" " ind2="4">
    <subfield code="9">79163</subfield>
    <subfield code="a">Movimientos campesinos</subfield>
    <subfield code="x">Chiapas</subfield>
  </datafield>
  <datafield tag="650" ind1=" " ind2="4">
    <subfield code="9">95531</subfield>
    <subfield code="a">Reforma agraria</subfield>
    <subfield code="x">Chiapas</subfield>
  </datafield>
  <datafield tag="650" ind1=" " ind2="4">
    <subfield code="9">125889</subfield>
    <subfield code="a">Tenencia de la tierra</subfield>
  </datafield>
  <datafield tag="700" ind1="1" ind2=" ">
    <subfield code="9">107295</subfield>
    <subfield code="a">S&#xE1;mano Renter&#xED;a, Miguel Angel</subfield>
    <subfield code="e">director.</subfield>
  </datafield>
  <datafield tag="856" ind1=" " ind2=" ">
    <subfield code="u">http://10.13.5.2/tesis/tm/Torres_Ruiz_Siria_Belen.pdf</subfield>
    <subfield code="z">DESCARGAR PDF</subfield>
  </datafield>
  <datafield tag="942" ind1=" " ind2=" ">
    <subfield code="2">Clasificaci&#xF3;n Universidad Aut&#xF3;noma Chapingo</subfield>
    <subfield code="c">TD</subfield>
  </datafield>
  <datafield tag="999" ind1=" " ind2=" ">
    <subfield code="c">218792</subfield>
    <subfield code="d">218792</subfield>
  </datafield>
  <datafield tag="952" ind1=" " ind2=" ">
    <subfield code="0">0</subfield>
    <subfield code="1">0</subfield>
    <subfield code="2">local</subfield>
    <subfield code="4">0</subfield>
    <subfield code="5">1</subfield>
    <subfield code="7">0</subfield>
    <subfield code="8">TesDigM</subfield>
    <subfield code="a">BD</subfield>
    <subfield code="b">BD</subfield>
    <subfield code="c">E_L</subfield>
    <subfield code="d">2023-05-19</subfield>
    <subfield code="l">0</subfield>
    <subfield code="o">Tesis digital</subfield>
    <subfield code="r">2023-05-19 00:00:00</subfield>
    <subfield code="w">2023-05-19</subfield>
    <subfield code="y">TD</subfield>
  </datafield>
</record>
